[Event "Schleswig-Holstein-ch Kandidaten"]
[Site "Bad Segeberg"]
[Date "2018.03.29"]
[Round "9"]
[White "Teska, Andreas"]
[Black "Mueller, Winus"]
[Result "1-0"]
[WhiteElo "1814"]
[BlackElo "1980"]
[PlyCount "83"]
[EventDate "2018.03.24"]
[EventType "swiss"]
[EventRounds "9"]
[EventCountry "GER"]
[SourceTitle "EXT 2023"]
[Source "ChessBase"]
[SourceDate "2022.10.05"]
[SourceVersion "1"]
[SourceVersionDate "2022.10.05"]
[SourceQuality "1"]

1. d4 Nf6 2. Nf3 g6 3. Bf4 d5 4. e3 Bg7 5. Be2 0-0 6. 0-0 Nh5 7. Bg3 Nxg3 8. hxg3 c6 9. c4 Nd7 10. Nc3 Nb6 11. c5 Nd7 12. b4 e5 13. dxe5 Nxe5 14. Nd4 Qg5 15. Rc1 Ng4 16. Bxg4 Bxg4 17. Qd2 h5 18. f4 Qf6 19. Qf2 Rfe8 20. Nf3 Bxf3 21. gxf3 d4 22. Ne4 Qd8 23. Rfd1 dxe3 24. Qxe3 Qc7 25. Qb3 h4 26. Rd6 hxg3 27. Kg2 Kf8 28. Rh1 Rad8 29. Qd3 Rxd6 30. cxd6 Qd8 31. d7 Re7 32. Rd1 b6 33. Qd6 Bh8 34. Qxc6 Re6 35. Qc8 Ke7 36. Qb7 f5 37. Ng5 Bf6 38. Nxe6 Kxe6 39. Re1+ Kd6 40. Rd1+ Ke6 41. Qd5+ Ke7 42. Re1+ 1-0

[Event "Schleswig-Holstein-ch Kandidaten"]
[Site "Bad Segeberg"]
[Date "2018.03.26"]
[Round "4"]
[White "Weyland, Karsten"]
[Black "Mueller, Winus"]
[Result "0-1"]
[WhiteElo "1746"]
[BlackElo "1980"]
[PlyCount "50"]
[EventDate "2018.03.24"]
[EventType "swiss"]
[EventRounds "9"]
[EventCountry "GER"]
[SourceTitle "EXT 2023"]
[Source "ChessBase"]
[SourceDate "2022.10.05"]
[SourceVersion "1"]
[SourceVersionDate "2022.10.05"]
[SourceQuality "1"]

1. d4 Nf6 2. Bf4 d5 3. e3 e6 4. Nd2 c5 5. c3 Be7 6. Bd3 Nbd7 7. Ngf3 b6 8. Ne5 Nxe5 9. dxe5 Nd7 10. Nf3 f5 11. h4 c4 12. Bxf5 exf5 13. Qxd5 Ba6 14. Ng5 Nc5 15. Qc6+ Kf8 16. Rd1 Qc8 17. Qd5 Bxg5 18. Bxg5 Nd3+ 19. Kf1 Bb7 20. Qd6+ Kg8 21. Qe7 Qc6 22. Rxd3 cxd3 23. Bf6 gxf6 24. exf6 Qxg2+ 25. Ke1 Bd5 0-1

[Event "Kiel op 28th"]
[Site "Kiel"]
[Date "2015.07.30"]
[Round "8"]
[White "Mueller, Winus"]
[Black "Friedel, Marcus"]
[Result "0-1"]
[WhiteElo "1927"]
[BlackElo "2121"]
[PlyCount "92"]
[EventDate "2015.07.25"]
[EventType "swiss"]
[EventRounds "9"]
[EventCountry "GER"]
[SourceTitle "CBM 167 Extra"]
[Source "ChessBase"]
[SourceDate "2015.09.14"]
[SourceVersion "1"]
[SourceVersionDate "2015.09.14"]
[SourceQuality "1"]

1. d4 d6 2. Nf3 Bg4 3. Nbd2 Nf6 4. h3 Bh5 5. e4 e6 6. Be2 d5 7. e5 Nfd7 8. 0-0 c5 9. c3 Nc6 10. Nb3 cxd4 11. cxd4 Qb6 12. Be3 Be7 13. Rc1 0-0 14. Nh2 Bg6 15. Bd3 Bxd3 16. Qxd3 a5 17. Ng4 a4 18. Rxc6 bxc6 19. Nc5 Nxc5 20. dxc5 Qa6 21. Qa3 Kh8 22. f4 h5 23. Nh2 f5 24. Nf3 Qb5 25. Rc1 Rfb8 26. Rc2 Qb7 27. Nd4 Qd7 28. Ne2 g6 29. Qc3 Kg7 30. Nd4 Kf7 31. Bd2 Rg8 32. Nf3 Qb7 33. h4 Rgb8 34. a3 Qa6 35. Be1 Rb3 36. Qd4 Rab8 37. Bb4 Qb5 38. Qf2 Rxb4 39. axb4 Qxb4 40. g3 Rb5 41. Ng5+ Ke8 42. Nxe6 Kd7 43. Nd4 Bxc5 44. e6+ Ke8 45. Rxc5 Qxc5 46. Nxb5 Qxf2+ 0-1

[Event "Kiel op 28th"]
[Site "Kiel"]
[Date "2015.07.27"]
[Round "5"]
[White "Mueller, Winus"]
[Black "Berenstein, Alexander"]
[Result "1-0"]
[WhiteElo "1927"]
[BlackElo "2030"]
[PlyCount "39"]
[EventDate "2015.07.25"]
[EventType "swiss"]
[EventRounds "9"]
[EventCountry "GER"]
[SourceTitle "CBM 167 Extra"]
[Source "ChessBase"]
[SourceDate "2015.09.14"]
[SourceVersion "1"]
[SourceVersionDate "2015.09.14"]
[SourceQuality "1"]

1. d4 Nf6 2. c4 e6 3. Nf3 d5 4. e3 b6 5. Bd3 Bb7 6. 0-0 Nbd7 7. Nc3 Ne4 8. cxd5 exd5 9. Nd2 f5 10. f3 Nd6 11. e4 dxe4 12. fxe4 fxe4 13. Ndxe4 Nxe4 14. Nxe4 Qe7 15. Bg5 Qb4 16. Qf3 Qxd4+ 17. Kh1 Bd5 18. Rae1 Ne5 19. Qf5 Nxd3 20. Nd6# 1-0

[Event "Kiel op 28th"]
[Site "Kiel"]
[Date "2015.07.26"]
[Round "3"]
[White "Mueller, Winus"]
[Black "Hilbig, Dieter"]
[Result "0-1"]
[WhiteElo "1927"]
[BlackElo "2067"]
[PlyCount "56"]
[EventDate "2015.07.25"]
[EventType "swiss"]
[EventRounds "9"]
[EventCountry "GER"]
[SourceTitle "CBM 167 Extra"]
[Source "ChessBase"]
[SourceDate "2015.09.14"]
[SourceVersion "1"]
[SourceVersionDate "2015.09.14"]
[SourceQuality "1"]

1. d4 Nf6 2. c4 e6 3. Nf3 b6 4. g3 Bb7 5. Bg2 Bb4+ 6. Bd2 Bxd2+ 7. Nbxd2 0-0 8. 0-0 Ne4 9. Ne5 Nd6 10. e4 f5 11. f3 Nc6 12. Nxc6 Bxc6 13. d5 exd5 14. cxd5 Bb5 15. Re1 fxe4 16. fxe4 Rb8 17. Qb3 Ba6 18. Rac1 Kh8 19. Qc2 Rc8 20. Nf3 Bb7 21. Rcd1 Nf7 22. e5 Nh6 23. Rf1 Ba6 24. Rfe1 Bb7 25. Nd4 Qg5 26. e6 Qe7 27. d6 cxd6 28. exd7 Rxc2 0-1

[Event "Kiel op 28th"]
[Site "Kiel"]
[Date "2015.07.25"]
[Round "1"]
[White "Mueller, Winus"]
[Black "Plueg, Andreas"]
[Result "0-1"]
[WhiteElo "1927"]
[BlackElo "2295"]
[PlyCount "72"]
[EventDate "2015.07.25"]
[EventType "swiss"]
[EventRounds "9"]
[EventCountry "GER"]
[SourceTitle "CBM 167 Extra"]
[Source "ChessBase"]
[SourceDate "2015.09.14"]
[SourceVersion "1"]
[SourceVersionDate "2015.09.14"]
[SourceQuality "1"]

1. d4 c5 2. d5 e5 3. e4 d6 4. Nf3 Nf6 5. Nc3 Be7 6. Be2 0-0 7. 0-0 Ne8 8. a4 Nd7 9. h3 g6 10. Bh6 Ng7 11. Qd2 Nf6 12. Nh2 Kh8 13. Ng4 Ng8 14. Bxg7+ Kxg7 15. Ra3 Bg5 16. Qe1 f5 17. exf5 gxf5 18. Nh2 Nh6 19. Nf3 Bf6 20. Qc1 Rg8 21. Rb3 b6 22. Re1 a6 23. Bf1 Ra7 24. Ne2 Rf7 25. Ng3 f4 26. Ne4 Kh8 27. Kh1 Rfg7 28. Ng1 Nf5 29. Nf3 Rg6 30. Qd1 Be7 31. Qd3 Qc7 32. c4 Bd8 33. Re2 Qg7 34. Ne1 Nd4 35. Rd2 Nxb3 36. Qxb3 Bxh3 0-1

[Event "Kiel op-A 27th"]
[Site "Kiel"]
[Date "2014.08.07"]
[Round "8"]
[White "Kiep, Fabian"]
[Black "Mueller, Winus"]
[Result "0-1"]
[WhiteElo "1708"]
[BlackElo "2049"]
[PlyCount "64"]
[EventDate "2014.08.02"]
[EventType "swiss"]
[EventRounds "9"]
[EventCountry "GER"]
[SourceTitle "CBM 161 Extra"]
[Source "ChessBase"]
[SourceDate "2014.08.29"]
[SourceVersion "1"]
[SourceVersionDate "2014.08.29"]
[SourceQuality "1"]

1. e4 e5 2. Nf3 Nc6 3. d4 exd4 4. Nxd4 Bc5 5. Be3 Qf6 6. c3 d6 7. Be2 a6 8. 0-0 Nge7 9. Nxc6 Nxc6 10. Bxc5 dxc5 11. Nd2 Qg6 12. Kh1 0-0 13. Qc2 Ne5 14. Nf3 Ng4 15. Rad1 Be6 16. a3 Rad8 17. Nd2 b5 18. Bxg4 Bxg4 19. f3 Be6 20. Nb3 Qg5 21. Na1 f5 22. exf5 Bxf5 23. Qf2 Bd3 24. Rfe1 c4 25. Nc2 c5 26. Ne3 Rde8 27. Nf1 Rd8 28. Ng3 Bg6 29. Kg1 Rd5 30. Rxd5 Qxd5 31. Ne4 Bxe4 32. Qe3 Bg6 0-1

[Event "Kiel op-A 27th"]
[Site "Kiel"]
[Date "2014.08.02"]
[Round "1"]
[White "Mueller, Winus"]
[Black "Wanner, Lukas"]
[Result "1/2-1/2"]
[WhiteElo "2049"]
[BlackElo "1764"]
[PlyCount "48"]
[EventDate "2014.08.02"]
[EventType "swiss"]
[EventRounds "9"]
[EventCountry "GER"]
[SourceTitle "CBM 161 Extra"]
[Source "ChessBase"]
[SourceDate "2014.08.29"]
[SourceVersion "1"]
[SourceVersionDate "2014.08.29"]
[SourceQuality "1"]

1. e4 c5 2. Nf3 d6 3. d4 cxd4 4. Nxd4 Nf6 5. Nc3 g6 6. Bg5 Bg7 7. Qd2 Nc6 8. Nb3 0-0 9. f3 Be6 10. 0-0-0 a5 11. h4 a4 12. Nd4 Nxd4 13. Qxd4 Nd5 14. Qxg7+ Kxg7 15. exd5 Bd7 16. a3 h6 17. Be3 Qa5 18. Rd4 b5 19. Rb4 Rab8 20. g4 f5 21. g5 h5 22. f4 Kf7 23. Bd4 Rfc8 24. Bd3 Kf8 1/2-1/2

[Event "Wichern op 6th"]
[Site "Hamburg"]
[Date "2001.10.18"]
[Round "6.37"]
[White "Bloess, Andre"]
[Black "Mueller, Winus"]
[Result "1-0"]
[WhiteElo "2096"]
[BlackElo "1928"]
[PlyCount "120"]
[EventDate "2001.10.21"]
[EventType "swiss"]
[EventRounds "9"]
[EventCountry "GER"]
[SourceTitle "EXT 2002"]
[Source "ChessBase"]
[SourceDate "2001.11.25"]
[SourceVersion "1"]
[SourceVersionDate "2001.11.25"]
[SourceQuality "1"]

1. c4 e5 2. Nc3 Nf6 3. e4 Nc6 4. d3 Bc5 5. g3 d6 6. Bg2 a6 7. h3 Be6 8. Nf3 h6 9. 0-0 Qd7 10. Kh2 Nd4 11. Nxd4 Bxd4 12. Ne2 Bb6 13. f4 Qe7 14. b4 Bd7 15. Bb2 0-0 16. a3 Rad8 17. Qc2 Rfe8 18. Rae1 h5 19. d4 exd4 20. Nxd4 c5 21. Nf3 Nh7 22. e5 cxb4 23. axb4 dxe5 24. c5 Bc7 25. Nxe5 Bb5 26. Rf2 h4 27. g4 f6 28. Qb3+ Qe6 29. Qxe6+ Rxe6 30. Nd3 Rxe1 31. Nxe1 Bc6 32. Bxc6 bxc6 33. Kg2 a5 34. bxa5 Bxa5 35. Nf3 Bb4 36. Rc2 Rd5 37. Bd4 g5 38. Rc4 Ba5 39. fxg5 fxg5 40. Ne5 Bc7 41. Nxc6 Kf7 42. Nb4 Rd8 43. Be3 Bg3 44. Rc2 Kg6 45. c6 Nf6 46. Rc5 Ne4 47. c7 Rc8 48. Rc6+ Kf7 49. Nd5 Be5 50. Kf3 Nf6 51. Nxf6 Bxf6 52. Ke4 Re8+ 53. Kd5 Rc8 54. Rxf6+ Kxf6 55. Kd6 Re8 56. Bd4+ Kf7 57. Bc5 Kf6 58. Kd7 Ra8 59. c8Q Rxc8 60. Kxc8 Ke5 1-0

[Event "Wichern op 6th"]
[Site "Hamburg"]
[Date "2001.10.17"]
[Round "5.45"]
[White "Zimmermann, Julian"]
[Black "Mueller, Winus"]
[Result "0-1"]
[WhiteElo "2203"]
[BlackElo "1928"]
[PlyCount "188"]
[EventDate "2001.10.21"]
[EventType "swiss"]
[EventRounds "9"]
[EventCountry "GER"]
[SourceTitle "EXT 2002"]
[Source "ChessBase"]
[SourceDate "2001.11.25"]
[SourceVersion "1"]
[SourceVersionDate "2001.11.25"]
[SourceQuality "1"]

1. e4 c6 2. d4 d5 3. Nc3 dxe4 4. Bc4 Nf6 5. f3 Bf5 6. fxe4 Bg4 7. Nf3 e6 8. 0-0 Be7 9. Be3 0-0 10. Qe1 Nbd7 11. Qg3 Bh5 12. Bd3 Bg6 13. Bg5 c5 14. dxc5 Nxc5 15. Rad1 Nxd3 16. cxd3 Nh5 17. Qg4 Bxg5 18. Nxg5 Nf6 19. Qg3 Qb6+ 20. Rf2 Rad8 21. Qf4 Bh5 22. Rdd2 Ng4 23. d4 Nxf2 24. Qxf2 h6 25. Nh3 f5 26. e5 Rd7 27. Nf4 Bf7 28. d5 Qxf2+ 29. Rxf2 Re8 30. d6 g5 31. Nd3 Rc8 32. g3 Bg6 33. Rf3 Rc4 34. Nf2 b6 35. b3 Rc6 36. Kf1 g4 37. Re3 h5 38. Ke2 Kf8 39. Kd2 Ke8 40. Nd3 Bf7 41. Nb5 Rb7 42. Nd4 Rc8 43. Nf4 Kd7 44. Kd3 a5 45. a4 Rbb8 46. Nb5 Rc1 47. Nc7 Rc8 48. Kd2 Ra1 49. Re2 Ra2+ 50. Kc3 Rxe2 51. Nxe2 h4 52. Kc4 hxg3 53. hxg3 Rxc7+ 54. dxc7 Kxc7 55. Nd4 Kb7 56. Kd3 Kc7 57. Ke3 Kd7 58. Kf4 Be8 59. Nc2 Ke7 60. Na3 Bd7 61. Nc4 b5 62. axb5 Bxb5 63. Nxa5 Bf1 64. Nb7 Bg2 65. Nd6 Bd5 66. b4 Kd7 67. Kg5 Kc7 68. Nb5+ Kd7 69. Nd4 Ke7 70. b5 Kd7 71. b6 Ke7 72. Nb3 Kd7 73. Nd4 Ke7 74. Nc2 Be4 75. Ne3 Kd7 76. Kf4 Bf3 77. Nc2 Bd5 78. Ne3 Bf3 79. Nc2 Bd5 80. Ke3 Kc6 81. Kf4 Kxb6 82. Kg5 Kc7 83. Ne3 Bf3 84. Kf6 Kd7 85. Kf7 Bc6 86. Kf6 f4 87. gxf4 g3 88. f5 exf5 89. e6+ Ke8 90. e7 g2 91. Nxf5 Kd7 92. Nd4 g1Q 93. Nxc6 Qf2+ 94. Kg7 Ke8 0-1

[Event "Wichern op 5th"]
[Site "Hamburg"]
[Date "1999.10.21"]
[Round "8"]
[White "Mueller, Winus"]
[Black "Zschischang, Marine"]
[Result "0-1"]
[WhiteElo "1807"]
[BlackElo "2040"]
[PlyCount "130"]
[EventDate "1999.10.15"]
[EventType "swiss"]
[EventRounds "9"]
[EventCountry "GER"]
[SourceTitle "EXT 2001"]
[Source "ChessBase"]
[SourceDate "2000.11.22"]
[SourceVersion "1"]
[SourceVersionDate "2000.11.22"]
[SourceQuality "1"]

1. e4 e6 2. d4 d5 3. Nd2 dxe4 4. Nxe4 Nd7 5. Nf3 Ngf6 6. Bd3 Nxe4 7. Bxe4 Nf6 8. Bd3 c5 9. 0-0 Qc7 10. c3 Bd6 11. dxc5 Bxc5 12. Bg5 Bd7 13. a4 h5 14. Bh4 Ng4 15. Bg3 Bd6 16. Be4 Bxg3 17. hxg3 f5 18. Bc2 h4 19. gxh4 Rxh4 20. g3 Rh5 21. Qe2 0-0-0 22. Kg2 Rdh8 23. Rh1 Rxh1 24. Rxh1 Rxh1 25. Kxh1 Qb6 26. Kg2 Qxb2 27. Qd3 Qb6 28. Nd4 g6 29. f3 Nf6 30. Bb3 e5 31. Nb5 a6 32. Qd6 Qxd6 33. Nxd6+ Kc7 34. Nf7 e4 35. Ne5 exf3+ 36. Kxf3 Be8 37. c4 Kd6 38. Nd3 Ne4 39. Kf4 Nd2 40. c5+ Kc6 41. Be6 Ne4 42. g4 Nxc5 43. Nxc5 Kxc5 44. gxf5 gxf5 45. Bxf5 Bxa4 46. Bc8 Bc6 47. Ke3 Kc4 48. Kd2 Kb3 49. Kc1 Ka2 50. Be6+ Ka1 51. Kc2 b5 52. Kb3 a5 53. Bf7 Kb1 54. Bg6+ Kc1 55. Bf7 Kd2 56. Be6 Kd3 57. Bc8 Bd5+ 58. Kb2 Kd4 59. Bd7 b4 60. Ba4 Kc5 61. Bd7 Bc6 62. Be6 a4 63. Bf5 a3+ 64. Kb1 b3 65. Bc2 a2+ 0-1